Statistics for Name the Author

Click here to take the quiz!

General Stats

  • This quiz has been taken 2,959 times
    (586 since last reset)
  • The average score is 18 of 24

Answer Stats

NovelAuthor% Correct
The Harry Potter SeriesJ.K. Rowling
98%
Pride and PrejudiceJane Austen
95%
The Lord Of The RingsJ.R.R. Tolkien
95%
Nineteen Eighty-FourGeorge Orwell
93%
Huckleberry FinnMark Twain
92%
FrankensteinMary Shelley
92%
War and PeaceLeo Tolstoy
91%
The Great GatsbyF. Scott Fitzgerald
89%
David CopperfieldCharles Dickens
88%
Wuthering HeightsEmily Brontë
88%
Charlie and the Chocolate FactoryRoald Dahl
88%
The Adventures of Sherlock HolmesArthur Conan Doyle
87%
To Kill a MockingbirdHarper Lee
87%
Alice's Adventures In WonderlandLewis Carroll
86%
DraculaBram Stoker
81%
Moby-DickHerman Melville
76%
The A Song of Ice and Fire SeriesGeorge R. R. Martin
60%
Gulliver's TravelsJonathan Swift
60%
Dr Jekyll and Mr HydeRobert Louis Stevenson
60%
Robinson CrusoeDaniel Defoe
59%
The Wind in the WillowsKenneth Grahame
31%
The Fifty Shades SeriesE.L. James
30%
Northern LightsPhilip Pullman
25%
The Tracy Beaker SeriesJacqueline Wilson
19%

Score Distribution

Percentile by Number Answered

Percent of People with Each Score

Your Score History

You have not taken this quiz since the last reset